essays on (Record no. 2700)
[ view plain ]
| 000 -LEADER | |
|---|---|
| fixed length control field | 00325nam a22001337a 4500 |
| 008 - FIXED-LENGTH DATA ELEMENTS--GENERAL INFORMATION | |
| fixed length control field | 230626b xxu||||| |||| 00| 0 eng d |
| 020 ## - INTERNATIONAL STANDARD BOOK NUMBER | |
| International Standard Book Number | 019572092X |
| 082 ## - DEWEY DECIMAL CLASSIFICATION NUMBER | |
| Classification number | 331.26 |
| Item number | GHA |
| 100 ## - MAIN ENTRY--PERSONAL NAME | |
| Titles and words associated with a name | D.Ghai and M.Godfrey |
| 245 ## - TITLE STATEMENT | |
| Title | essays on |
| Remainder of title | Employment in Kenya |
| 260 ## - PUBLICATION, DISTRIBUTION, ETC. (IMPRINT) | |
| Place of publication, distribution, etc. | Nairobi |
| Name of publisher, distributor, etc. | KLB |
| Date of publication, distribution, etc. | 1979 |
| 300 ## - PHYSICAL DESCRIPTION | |
| Extent | 181p |
| 942 ## - ADDED ENTRY ELEMENTS (KOHA) | |
| Source of classification or shelving scheme | Dewey Decimal Classification |
| Koha item type | Books |
| Withdrawn status | Lost status | Source of classification or shelving scheme | Damaged status | Not for loan | Home library | Current library | Date acquired | Total Checkouts | Full call number | Barcode | Date last seen | Price effective from | Koha item type |
|---|---|---|---|---|---|---|---|---|---|---|---|---|---|
| Dewey Decimal Classification | County Hall Archives | County Hall Archives | 06/26/2023 | 331.26 GHA | 10001336 | 06/26/2023 | 06/26/2023 | Books |
